| 000 | 00750nam a2200253 4500 | ||
|---|---|---|---|
| 001 | 33675 | ||
| 003 | BD-RjUL | ||
| 005 | 20211209052037.0 | ||
| 008 | 140511s1968 nyu b 001 0 eng d | ||
| 035 | _a(BD-RjUL) | ||
| 040 |
_aDLC _cDLC _dDLC _dBD-RjUL _beng |
||
| 041 | _aeng | ||
| 082 | 0 | 0 |
_a323.40973 _bKII 1968 |
| 100 | 1 |
_aKillian, Lewis M. _9101549 |
|
| 245 | 1 | 4 |
_aThe impossible revolution? : _bBlack power and the American dream / _cLewis M. Killian. |
| 260 |
_aNew York : _bRandom House , _c1968. |
||
| 300 |
_axx, 198 p. ; _c21 cm. |
||
| 490 | 0 | _aStudies in sociology, SS40 | |
| 504 | _aBibliography: p. [189]-191. and Index | ||
| 650 | 0 |
_aBlack power. _9102247 |
|
| 942 |
_2ddc _cBK |
||
| 999 |
_c33675 _d33675 |
||